| 000 | 01072nam a2200325 i 4500 | ||
|---|---|---|---|
| 001 | 000040862 | ||
| 003 | DO-SdBNP | ||
| 005 | 20260319092725.0 | ||
| 007 | ta | ||
| 008 | 090904s1988 dr 000 0 spa d | ||
| 040 |
_aDO-SdBNP _bspa _cBNPHU _erda |
||
| 041 | _aspa | ||
| 082 | 4 |
_a467.97293 _bC183p _222 |
|
| 100 | 1 |
_aCamilo de Cuello, Lourdes, _eautor _4aut. _913081 |
|
| 245 | 1 | 0 |
_aPautas, usos y costumbres en el lenguaje dominicano / _cLourdes Camilo de Cuello. |
| 250 | _asegunda edición | ||
| 264 | 4 |
_aSanto Domingo : _bEdiciones de Taller, _c©1988. |
|
| 300 |
_a167 páginas ; _c17 cm. |
||
| 336 |
_atexto _btxt _2rdacontent |
||
| 337 |
_asin mediación _bn _2rdamedia |
||
| 338 |
_avolumen _bnc _2rdacarrier |
||
| 490 | 1 |
_aBiblioteca Taller _v264 |
|
| 500 | _aIncluye índice alfabético de nombres y materias | ||
| 500 | _aIncluye referencias bibliográficas y notas al pie de las páginas | ||
| 504 | _aBliografías: páginas 151- 153 | ||
| 590 | _aInventariado, 2021 / DG | ||
| 650 | 4 |
_aDominicanismos _913083 |
|
| 910 | _aD/G | ||
| 942 |
_2ddc _cLBS1 |
||
| 999 |
_c40352 _d40352 |
||